De divinatione daemonum - Sex quaestiones contra paganos expositae (ep. 102) /
In Brief 102, das unter dem Titel Quaestiones expositae contra paganos numero sex im Schriftenkatalog Augustins als eigenständiges Werk geführt wird und hier erstmals in einer deutschen Übersetzung vorliegt, beantwortet Augustinus sechs Fragen, die von Paganen an das Christentum gestellt wurden, wie...
المؤلف الرئيسي:
التنسيق: كتاب الكتروني
اللغة:
English
German
منشور في:
Paderborn :
Ferdinand Schöningh, Brill Deutschland,
2025.
سلاسل:
Augustinus Opera - Werke ;
15.
Schöningh, Fink and mentis Religious Studies, Theology and Philosophy E-Books Online, Collection 2025.
الموضوعات:
الوصول للمادة أونلاين: Login to view Source
الوسوم: إضافة وسم
رقم الطلب: BT77
| LEADER | 02691nam a22004698i 4500 | ||
|---|---|---|---|
| 001 | BRILL9783657796939 | ||
| 003 | nllekb | ||
| 005 | 20250615102012.0 | ||
| 006 | m d | ||
| 007 | cr un uuuua | ||
| 008 | 250416s2025 gw sb 001 0 eng d | ||
| 020 | |a 9783657796939 |q (electronic book) | ||
| 020 | |z 9783506796936 |q (print) | ||
| 024 | 7 | |a 10.30965/9783657796939 |2 DOI | |
| 035 | |z (OCoLC)1472203029 | ||
| 040 | |a NL-LeKB |c NL-LeKB |e rda | ||
| 041 | |a ger | ||
| 050 | 4 | |a BT77 | |
| 072 | 7 | |a HRCP |2 bicssc | |
| 072 | 7 | |a REL |x 058010 |2 bisacsh | |
| 082 | 0 | 4 | |a 230 |2 23 |
| 100 | 1 | |a Wekenmann, Florian, |e author. | |
| 245 | 1 | 0 | |a De divinatione daemonum - Sex quaestiones contra paganos expositae (ep. 102) / |c Florian Wekenmann. |
| 264 | 1 | |a Paderborn : |b Ferdinand Schöningh, Brill Deutschland, |c 2025. | |
| 264 | 4 | |c ©2025 | |
| 300 | |a 1 online resource (244 pages) : |b illustrations. | ||
| 336 | |a text |b txt |2 rdacontent | ||
| 337 | |a computer |b c |2 rdamedia | ||
| 338 | |a online resource |2 rdacarrier | ||
| 490 | 1 | |a Augustinus Opera - Werke ; |v 15 | |
| 490 | 1 | |a Schöningh, Fink and mentis Religious Studies, Theology and Philosophy E-Books Online, Collection 2025 | |
| 504 | |a Includes bibliographical references and index. | ||
| 520 | |a In Brief 102, das unter dem Titel Quaestiones expositae contra paganos numero sex im Schriftenkatalog Augustins als eigenständiges Werk geführt wird und hier erstmals in einer deutschen Übersetzung vorliegt, beantwortet Augustinus sechs Fragen, die von Paganen an das Christentum gestellt wurden, wie beispielsweise über die Auferstehung oder über den Propheten Jona. In De divinatione daemonum erörtert Augustinus das Wesen der Dämonen und deren Fähigkeit zur Wahrsagung. Mit dieser Schrift hat Augustinus als einziger Kirchenvater ein eigenständiges Werk über Dämonen verfasst. Diese Schriften, die beide in den Jahren 406--411 verfasst wurden, können Augustins Gelegenheitsschriften zugerechnet werden, in denen er sich mit der paganen Umwelt auseinandersetzt. So sind diese beiden Schriften auch für seine Pastoral von Bedeutung. | ||
| 546 | |a German | ||
| 588 | |a Description based on print version record. | ||
| 650 | 0 | |a Theology and World Christianity. | |
| 776 | 0 | 8 | |i Print version: |t De divinatione daemonum - Sex quaestiones contra paganos expositae (ep. 102). |d Paderborn : Ferdinand Schöningh, Brill Deutschland, 2025. |z 9783506796936 |
| 830 | 0 | |a Augustinus Opera - Werke ; |v 15. | |
| 830 | 0 | |a Schöningh, Fink and mentis Religious Studies, Theology and Philosophy E-Books Online, Collection 2025. | |
| 856 | 4 | |z DOI: |u http://dx.doi.org/10.30965/9783657796939 | |
| 942 | |2 lcc |c EBOOK | ||
| 999 | |c 60964 |d 60964 | ||
